Statistics for Chelsea FC players from former Yugoslavia

Click here to take the quiz!

General Stats

  • This quiz has been taken 186 times
    (35 since last reset)
  • The average score is 4 of 9

Answer Stats

Years at the clubAnswer% Correct
2018-2019 (loan),2019-2023Mateo Kovačić
88%
2008-2017Branislav Ivanović
85%
2009-2011,2014-2017Nemanja Matić
82%
2023-presentĐorđe Petrović
48%
2004-2005Mateja Kežman
45%
2015-2017Asmir Begović
36%
2000-2004Mario Stanić
27%
2000-2002Slaviša Jokanović
18%
1979-1982Petar Borota
15%

Score Distribution

Percentile by Number Answered

Percent of People with Each Score

Your Score History

You have not taken this quiz since the last reset